000 00697nam a2200289Ia 4500
005 20260324120615.0
008 008 260324s9999 xx 000 0 eng d
020 _a9780429503399
037 _aEBOOK
040 _aCRL
040 _beng
040 _cCRL
041 _2eng
041 _aeng
084 _qCRL
100 _aLouis DeSipio
_91159250
245 0 _aU.S. Immigration in the Twenty-First Century
245 0 _bMaking Americans, Remaking America
260 _bTaylor and Francis
260 _c2015
365 _a
365 _b230
856 _uhttp://www.taylorfrancis.com/books/9780429503399
942 _cEBOOK
999 _c1750869
_d1750869